Alimentos composición y propiedades
| Main Author: | |
|---|---|
| Format: | Section = Libro |
| Language: | Undetermined Spanish |
| Published: |
España
McGraw-Hill
2005
|
| Subjects: |
| LEADER | 00732nam a2200253Ia 4500 | ||
|---|---|---|---|
| 008 | 240830s9999 xx 000 0 und d | ||
| 020 | |a 84-481-9889-1 | ||
| 040 | |a B-ESTELÍ- RUACS / 641.3 A854 | ||
| 041 | |a spa | ||
| 082 | |a 641.3 A854 | ||
| 100 | 1 | |a López Herrera, María José, et al. | |
| 245 | 1 | 0 | |a Alimentos composición y propiedades |
| 260 | |a España |b McGraw-Hill |c 2005 | ||
| 300 | |a 264 p. :il | ||
| 650 | 7 | |a MECÁNICA DE FLUIDOS | |
| 650 | 7 | |b CINEMATICA | |
| 650 | 7 | |c FLUIDOSTATICA | |
| 650 | 7 | |d ECUACIONES DE CONSERVACION | |
| 650 | 7 | |e MOVIMIENTO DE FLUIDOS - VISCOSIDAD | |
| 650 | 7 | |f MOVIMIENTOS TURBULENTOS - LIQUIDOS | |
| 650 | 7 | |g DINAMICA DE GASES | |
| 942 | |c BK |2 ddc | ||
| 991 | |a TEXTO | ||
| 999 | |c 11386 | ||